[Event "10th Lost Boys op"]
[Site "Amsterdam NED"]
[Date "2002.08.02"]
[Round "7.7"]
[White "Halkias, Stelios"]
[Black "Vesterbaek Pedersen, Nicolai"]
[Result "1/2-1/2"]
[WhiteElo "2550"]
[BlackElo "2458"]
[EventDate "2002.07.26"]
[PlyCount "89"]

1.d4 Nf6 2.c4 e6 3.Nf3 b6 4.g3 Ba6 5.Qb3 Nc6 6.Nbd2 d5 7.cxd5 exd5 8.Qa4 
Bb7 9.Bg2 Qd7 10.O-O Bd6 11.Nb1 Ne4 12.Ng5 Nxg5 13.Bxg5 Nd8 14.Qb3 c6 15.
e4 Ne6 16.Be3 dxe4 17.Nc3 f5 18.Bh3 O-O 19.Nxe4 Kh8 20.Nxd6 Qxd6 21.Rad1 
Rae8 22.Rfe1 h6 23.a4 Re7 24.Qc3 f4 25.Bxf4 Nxf4 26.gxf4 Rxe1+ 27.Rxe1 
Qxf4 28.Qe3 Qf6 29.Bg2 Bc8 30.Re2 Rd8 31.Qe5 Qg6 32.Re3 Ba6 33.h3 Qb1+ 34.
Re1 Qxb2 35.Bxc6 Rf8 36.Qe3 Qc2 37.d5 Rf6 38.Qe8+ Kh7 39.Qe4+ Rg6+ 40.Kh1 
Bd3 41.Qe3 Rf6 42.Kg1 Rg6+ 43.Kh1 Rf6 44.Kg1 Rg6+ 45.Kh1 1/2-1/2

[Event "10th Lost Boys op"]
[Site "Amsterdam NED"]
[Date "2002.08.02"]
[Round "7.10"]
[White "Berkvens, Joost"]
[Black "Smeets, Jan"]
[Result "0-1"]
[WhiteElo "2467"]
[BlackElo "2392"]
[EventDate "2002.07.26"]
[PlyCount "114"]

1.d4 d5 2.c4 c6 3.Nf3 e6 4.Nc3 dxc4 5.e3 b5 6.a4 Bb4 7.Bd2 a5 8.axb5 Bxc3 
9.Bxc3 cxb5 10.b3 Bb7 11.bxc4 b4 12.Bb2 Nf6 13.Bd3 Nbd7 14.O-O O-O 15.Re1 
Ne4 16.c5 Bd5 17.Bb5 f5 18.Re2 g5 19.Ne1 g4 20.f3 Nef6 21.Bd3 Bc6 22.e4 
fxe4 23.fxe4 a4 24.d5 exd5 25.e5 Nh5 26.Bxh7+ Kxh7 27.e6 Rf5 28.e7 Qg8 29.
Qd3 Kg6 30.Qe3 Nf4 31.e8=Q+ Rxe8 32.Qxe8+ Qxe8 33.Rxe8 Nxc5 34.Re3 a3 35.
Bxa3 bxa3 36.Nc2 Nce6 37.Rexa3 d4 38.Ra6 Rc5 39.Nb4 Be4 40.Rf1 Kg5 41.Re1 
Kf5 42.Ra2 Bxg2 43.Rxg2 Nxg2 44.Kxg2 Nf4+ 45.Kf1 Rc4 46.Rb1 d3 47.Ke1 Re4+
48.Kd1 Re3 49.Nc6 Ke4 50.Rb4+ Kf3 51.Nd4+ Kf2 52.Nf5 Re1+ 53.Kd2 Re2+ 54.
Kd1 Nd5 55.Rc4 Re5 56.Rxg4 Rxf5 57.Kd2 Nf4 0-1

[Event "10th Lost Boys op"]
[Site "Amsterdam NED"]
[Date "2002.08.02"]
[Round "7.11"]
[White "Gurevich, Mikhail"]
[Black "Van Haastert, Edwin"]
[Result "1-0"]
[WhiteElo "2649"]
[BlackElo "2427"]
[EventDate "2002.07.26"]
[PlyCount "83"]

1.c4 e5 2.Nc3 Nf6 3.Nf3 Nc6 4.a3 g6 5.d3 Bg7 6.g3 O-O 7.Bg2 d6 8.O-O h6 9.
b4 a6 10.e4 Nh7 11.Nd5 Ng5 12.Nxg5 hxg5 13.Qd2 f6 14.Bb2 Ne7 15.d4 Nxd5 
16.exd5 exd4 17.Qxd4 Rf7 18.Rfe1 Bd7 19.c5 Re7 20.Qd2 Rxe1+ 21.Rxe1 Qf8 
22.c6 bxc6 23.dxc6 Be8 24.h3 Bf7 25.Qd3 Kh7 26.Bd4 f5 27.Bxg7 Kxg7 28.Bf1 
Kg8 29.Qd2 Qd8 30.Qd4 Qf8 31.Qf6 Re8 32.Rxe8 Qxe8 33.Qxg5 Qxc6 34.h4 d5 
35.h5 Kg7 36.h6+ Kh7 37.Qe7 Qe8 38.Qxc7 Kxh6 39.Bxa6 Qe6 40.Bf1 g5 41.a4 
f4 42.a5 1-0

[Event "10th Lost Boys op"]
[Site "Amsterdam NED"]
[Date "2002.08.02"]
[Round "7.12"]
[White "Conquest, Stuart"]
[Black "Jens, Jelmer"]
[Result "1-0"]
[WhiteElo "2542"]
[BlackElo "2369"]
[EventDate "2002.07.26"]
[PlyCount "73"]

1.e4 c5 2.Nf3 d6 3.d4 cxd4 4.Nxd4 Nf6 5.Nc3 a6 6.Bc4 e6 7.a4 Nc6 8.O-O Be7
9.Be3 O-O 10.Kh1 d5 11.exd5 exd5 12.Ba2 Ne5 13.h3 Nc4 14.Bxc4 dxc4 15.Qf3 
Qc7 16.Rfe1 h6 17.Bf4 Qc5 18.Rad1 Re8 19.Re5 Qb4 20.Qe3 Bd7 21.Bxh6 Bd6 
22.Qg5 Bf8 23.f4 Qxb2 24.Qg3 Rxe5 25.fxe5 Nh5 26.Qf3 Re8 27.Bc1 Qb4 28.
Nde2 Bxa4 29.Nxa4 Qxa4 30.Qxh5 g6 31.Qf3 Rxe5 32.Rd8 Qxc2 33.Ba3 Qxe2 34.
Rxf8+ Kg7 35.Rxf7+ Kg8 36.Rf8+ Kg7 37.Qf6+ 1-0

[Event "10th Lost Boys op"]
[Site "Amsterdam NED"]
[Date "2002.08.02"]
[Round "7.16"]
[White "Bosboom, Manuel"]
[Black "Wegerle, Jorg"]
[Result "1-0"]
[WhiteElo "2451"]
[BlackElo "2365"]
[EventDate "2002.07.26"]
[PlyCount "83"]

1.d4 d5 2.c4 c6 3.Nc3 Nf6 4.Nf3 e6 5.Bg5 h6 6.Bh4 dxc4 7.e4 g5 8.Bg3 b5 9.
Be2 Bb7 10.h4 g4 11.Ne5 h5 12.O-O Nbd7 13.f3 Nxe5 14.Bxe5 Bh6 15.g3 Rg8 
16.Kh2 Bg7 17.Qe1 gxf3 18.Bxf3 Ng4+ 19.Bxg4 Bxe5 20.dxe5 Rxg4 21.Rd1 Qe7 
22.Qe3 Qc7 23.Rd6 Rd8 24.Rfd1 Rxd6 25.exd6 Qd7 26.Qh6 Rg8 27.Qf6 a6 28.g4 
e5 29.Qxe5+ Kf8 30.g5 Bc8 31.Qg3 Qg4 32.Rf1 Rg6 33.e5 Qxg3+ 34.Kxg3 Be6 
35.Ne2 Rg8 36.Rf6 Ke8 37.Nf4 Bg4 38.Kf2 a5 39.Ke3 c5 40.Nd5 Bd7 41.Nc7+ 
Kf8 42.e6 1-0

[Event "10th Lost Boys op"]
[Site "Amsterdam NED"]
[Date "2002.08.02"]
[Round "7.17"]
[White "Rebers, Eugene"]
[Black "Shirazi, Kamran"]
[Result "0-1"]
[WhiteElo "2351"]
[BlackElo "2448"]
[EventDate "2002.07.26"]
[PlyCount "112"]

1.Nf3 c5 2.c4 b6 3.g3 Bb7 4.Bg2 e5 5.d3 g6 6.Nc3 Ne7 7.Ne4 Bxe4 8.dxe4 Bg7
9.b3 d6 10.Bb2 Nbc6 11.e3 a6 12.Qe2 O-O 13.O-O Qb8 14.Rfd1 b5 15.cxb5 axb5
16.Bf1 Ra5 17.Bc3 b4 18.Bb2 Nc8 19.Qc2 N6a7 20.a4 bxa3 21.Bc3 Rb5 22.Bxb5 
Nxb5 23.Nd2 Qb7 24.Nc4 f5 25.Nxa3 Nxa3 26.Rxa3 fxe4 27.b4 c4 28.Ra5 Qf7 
29.Rd2 Qf3 30.Qd1 Qf5 31.Qe2 Qe6 32.Ra6 Qf7 33.b5 d5 34.Bb4 Re8 35.Rc6 Bh6
36.Ra2 Na7 37.Rb6 d4 38.Rxa7 Qxa7 39.Qxc4+ Qf7 40.Qxf7+ Kxf7 41.Rb7+ Kf6 
42.Rxh7 Bg7 43.exd4 exd4 44.Bc5 Rd8 45.Kf1 Rd5 46.Ba7 d3 47.Ke1 g5 48.b6 
Rb5 49.b7 Rxb7 50.Bd4+ Kg6 51.Rxg7+ Rxg7 52.Bxg7 Kxg7 53.g4 Kf6 54.Kd2 Ke5
55.Ke3 Kd5 56.f3 Kc4 0-1

[Event "10th Lost Boys op"]
[Site "Amsterdam NED"]
[Date "2002.08.02"]
[Round "7.18"]
[White "Dambacher, Martijn"]
[Black "l`Ami, Erwin"]
[Result "1/2-1/2"]
[WhiteElo "2297"]
[BlackElo "2438"]
[EventDate "2002.07.26"]
[PlyCount "94"]

1.e4 e6 2.d4 d5 3.Nc3 Bb4 4.exd5 exd5 5.Bd3 Nc6 6.a3 Be7 7.Nge2 Nf6 8.Bg5 
O-O 9.Qd2 Na5 10.b3 b6 11.O-O Nb7 12.Rfe1 c6 13.Ng3 Nd6 14.Re5 Be6 15.f4 
Ng4 16.Re2 h6 17.Bxe7 Qxe7 18.h3 Qh4 19.Qe1 Nf6 20.Qf2 Rae8 21.Rae1 Bc8 
22.Nd1 Rxe2 23.Rxe2 Re8 24.Re5 Nd7 25.Rxe8+ Nxe8 26.Nf5 Qf6 27.Qe3 Kf8 28.
Nf2 Nd6 29.Nxd6 Qxd6 30.b4 Nf6 31.Qe5 Ne8 32.c3 f6 33.Qxd6+ Nxd6 34.g4 Be6
35.f5 Bf7 36.Kg2 Ke7 37.Kf3 Ne8 38.h4 Kd6 39.g5 hxg5 40.hxg5 fxg5 41.Kg4 
Nf6+ 42.Kxg5 Ke7 43.Be2 Ne8 44.Ng4 Nd6 45.Bd3 Be8 46.Ne5 Nf7+ 47.Kf4 Nd6 
1/2-1/2

[Event "10th Lost Boys op"]
[Site "Amsterdam NED"]
[Date "2002.08.02"]
[Round "7.19"]
[White "Bakker, Sven"]
[Black "Hendriks, Willy"]
[Result "0-1"]
[WhiteElo "2149"]
[BlackElo "2410"]
[EventDate "2002.07.26"]
[PlyCount "150"]

1.e4 c5 2.c4 Nc6 3.Nc3 g6 4.Nge2 Bg7 5.g3 Ne5 6.Nf4 d6 7.d3 Nf6 8.Bg2 h5 
9.h4 Bg4 10.f3 Bd7 11.Be3 e6 12.Qe2 Rc8 13.Bh3 b5 14.Nxb5 Bxb5 15.cxb5 
Qa5+ 16.Bd2 Qxb5 17.Bc3 c4 18.d4 Nd3+ 19.Nxd3 cxd3 20.Qf2 d5 21.e5 Nd7 22.
O-O Bf8 23.Qd2 Nb6 24.Rfd1 Na4 25.Bf1 Nxc3 26.bxc3 Qa5 27.Rab1 Bh6 28.f4 
O-O 29.Rb3 Rc6 30.Bxd3 Rfc8 31.Rc1 Bf8 32.Rc2 Rb6 33.Kg2 Ba3 34.Kh3 Rcb8 
35.Rxb6 Qxb6 36.Kg2 Qb1 37.Qe2 Qa1 38.Qf2 Rb2 39.Rxb2 Bxb2 40.c4 Bxd4 41.
Qc2 Qg1+ 42.Kf3 Qe3+ 43.Kg2 Qg1+ 44.Kf3 dxc4 45.Bxc4 Qe3+ 46.Kg2 Qg1+ 47.
Kf3 a5 48.Qe2 Kg7 49.Qc2 Qe3+ 50.Kg2 Qg1+ 51.Kf3 Kf8 52.Qe2 Ke7 53.Qc2 
Qe3+ 54.Kg2 Qg1+ 55.Kf3 a4 56.Bb5 Qe3+ 57.Kg2 Qg1+ 58.Kf3 Qh1+ 59.Qg2 Qc1 
60.Qe2 a3 61.Bd3 Qg1 62.Qc2 Kf8 63.Qe2 Kg7 64.Bc4 Bc5 65.Bd3 Qd4 66.Bc4 
Kf8 67.Bd3 Ke7 68.Bc4 Qg1 69.Bb5 Qh1+ 70.Qg2 Qd1+ 71.Qe2 Qd5+ 72.Qe4 Qxa2 
73.Qb7+ Kf8 74.Qc8+ Kg7 75.Qxc5 Qd5+ 0-1

[Event "10th Lost Boys op"]
[Site "Amsterdam NED"]
[Date "2002.08.02"]
[Round "7.20"]
[White "Jonkman, Harmen"]
[Black "Wustefeld, Emile"]
[Result "1-0"]
[WhiteElo "2497"]
[BlackElo "2295"]
[EventDate "2002.07.26"]
[PlyCount "59"]

1.e4 e6 2.d4 d5 3.e5 c5 4.c3 Bd7 5.Nf3 Nc6 6.Be2 f6 7.O-O cxd4 8.cxd4 fxe5
9.Nxe5 Nxe5 10.dxe5 Bc5 11.Nc3 Ne7 12.Bh5+ g6 13.Bg4 Qb6 14.Bg5 h5 15.Bf6 
Rh7 16.Bh3 Nf5 17.Rc1 Rc8 18.Qd2 Bc6 19.Qg5 Kf7 20.Ne2 Rg8 21.Nf4 Bd7 22.
Rc2 Nd4 23.Rc3 Ke8 24.Rfc1 Bf8 25.Rc8+ Bxc8 26.Rxc8+ Kd7 27.Rd8+ Kc7 28.
Nxd5+ Kc6 29.Nxb6 Bh6 30.Qh4 1-0

[Event "10th Lost Boys op"]
[Site "Amsterdam NED"]
[Date "2002.08.02"]
[Round "7.21"]
[White "Van der Werf, Mark"]
[Black "Willemsen, Jos"]
[Result "1-0"]
[WhiteElo "2422"]
[BlackElo "2280"]
[EventDate "2002.07.26"]
[PlyCount "53"]

1.d4 Nf6 2.c4 c5 3.d5 g6 4.Nc3 Bg7 5.e4 d6 6.Bd3 O-O 7.h3 e6 8.Bg5 h6 9.
Be3 exd5 10.cxd5 Re8 11.Nf3 c4 12.Bc2 b5 13.a3 a6 14.O-O Nbd7 15.Qd2 Kh7 
16.Rfe1 Qc7 17.Rad1 Bb7 18.Nh2 Nc5 19.Bd4 Nb3 20.Bxb3 cxb3 21.Rc1 Qd7 22.
Re3 a5 23.Rf3 Ng8 24.Bxg7 Kxg7 25.Qd4+ f6 26.Ng4 Rf8 27.Nxb5 1-0

[Event "10th Lost Boys op"]
[Site "Amsterdam NED"]
[Date "2002.08.02"]
[Round "7.22"]
[White "Bezemer, Arno"]
[Black "Wiersma, Eelke"]
[Result "1-0"]
[WhiteElo "2320"]
[BlackElo "2382"]
[EventDate "2002.07.26"]
[PlyCount "81"]

1.e4 c5 2.Nf3 Nc6 3.d4 cxd4 4.Nxd4 g6 5.c4 Bg7 6.Be3 Nf6 7.Nc3 O-O 8.Be2 
d6 9.O-O Nxd4 10.Bxd4 Bd7 11.Qd2 Bc6 12.f3 Nd7 13.Be3 a5 14.b3 Nc5 15.Rab1
Qb6 16.Rfc1 Rfc8 17.Rc2 Qd8 18.a3 h5 19.b4 axb4 20.axb4 Ne6 21.Nd5 Ra3 22.
Kh1 Rca8 23.f4 Nf8 24.Bf3 Nd7 25.h3 e6 26.b5 Bxd5 27.exd5 e5 28.c5 exf4 
29.Bf2 dxc5 30.d6 b6 31.Bxa8 Qxa8 32.Re1 Ne5 33.Kg1 Qd8 34.Qd5 Nd3 35.Re7 
Qf8 36.d7 Ra1+ 37.Kh2 Nxf2 38.Rxf2 Qxe7 39.d8=Q+ Qxd8 40.Qxd8+ Kh7 41.Qxb6
1-0

[Event "10th Lost Boys op"]
[Site "Amsterdam NED"]
[Date "2002.08.02"]
[Round "7.23"]
[White "Spaan, Martijn Tigran"]
[Black "Erwich, Marc"]
[Result "0-1"]
[WhiteElo "2311"]
[BlackElo "2376"]
[EventDate "2002.07.26"]
[PlyCount "42"]

1.e4 e5 2.Nf3 Nc6 3.Bc4 Bc5 4.b4 Bxb4 5.c3 Be7 6.d4 exd4 7.Qb3 Na5 8.Bxf7+
Kf8 9.Qa4 Kxf7 10.Qxa5 d5 11.exd5 Bf6 12.cxd4 Ne7 13.Nc3 b6 14.Qb5 Bb7 15.
O-O Nxd5 16.Ne4 Re8 17.Nxf6 Nxf6 18.Ne5+ Kg8 19.Be3 c5 20.Rfd1 Qd5 21.Qb3 
c4 0-1

[Event "10th Lost Boys op"]
[Site "Amsterdam NED"]
[Date "2002.08.02"]
[Round "7.24"]
[White "De Heer, Machiel"]
[Black "Van Wessel, Rudy"]
[Result "0-1"]
[WhiteElo "2293"]
[BlackElo "2360"]
[EventDate "2002.07.26"]
[PlyCount "63"]

1.e4 e5 2.Nf3 Nc6 3.Bc4 Nf6 4.d3 Bc5 5.c3 d6 6.Bb3 Bg4 7.h3 Bh5 8.Nbd2 Qd7
9.Nf1 d5 10.Ng3 Bg6 11.Qe2 O-O-O 12.Bg5 d4 13.Bc2 Be7 14.Ba4 dxc3 15.Nxe5 
Qd4 16.Nxc6 bxc6 17.b3 Qxd3 18.Bxc6 h6 19.Be3 Qxe2+ 20.Kxe2 Rd6 21.Bb5 
Nxe4 22.Nxe4 Bxe4 23.Bxa7 Bxg2 24.Rhg1 Be4 25.Rxg7 Bg6 26.Bc4 Bf6 27.Rxf7 
Bxf7 28.Bxf7 Rf8 29.Bc4 Rd2+ 30.Ke1 Bh4 31.Rc1 Rxa2 32.Bd4 0-1

[Event "10th Lost Boys op"]
[Site "Amsterdam NED"]
[Date "2002.08.02"]
[Round "7.25"]
[White "Van Delft, Merijn"]
[Black "Wemmers, Xander"]
[Result "1-0"]
[WhiteElo "2340"]
[BlackElo "2274"]
[EventDate "2002.07.26"]
[PlyCount "75"]

1.e4 c5 2.Nf3 d6 3.d4 cxd4 4.Nxd4 Nf6 5.Nc3 a6 6.Be3 e5 7.Nb3 Be6 8.f3 Be7
9.Qd2 Nbd7 10.g4 h6 11.O-O-O b5 12.h4 Nb6 13.Qf2 Nc4 14.Bxc4 bxc4 15.Nc5 
Qc7 16.Nxe6 fxe6 17.g5 Nh5 18.gxh6 gxh6 19.Qg1 Kf7 20.Qg4 Nf6 21.Qh3 Rab8 
22.h5 Qb7 23.Rhg1 d5 24.exd5 Qxb2+ 25.Kd2 exd5 26.Rb1 Qa3 27.Rxb8 Rxb8 28.
Bxh6 d4 29.Rg7+ Ke8 30.Nd1 Qb4+ 31.Ke2 d3+ 32.cxd3 cxd3+ 33.Kf2 Qc5+ 34.
Kg2 Rb1 35.Nf2 Re1 36.Qf5 Re2 37.Qg6+ Kd8 38.Qxd3+ 1-0

[Event "10th Lost Boys op"]
[Site "Amsterdam NED"]
[Date "2002.08.02"]
[Round "7.26"]
[White "Vogel, Jaap"]
[Black "Daly, Colm"]
[Result "0-1"]
[WhiteElo "2266"]
[BlackElo "2338"]
[EventDate "2002.07.26"]
[PlyCount "76"]

1.Nf3 Nf6 2.g3 b5 3.d4 Bb7 4.Bg2 e6 5.O-O a6 6.Bg5 d6 7.Re1 Nbd7 8.e4 h6 
9.Bxf6 Nxf6 10.Nbd2 Be7 11.c3 O-O 12.a4 c5 13.Qe2 Qb6 14.h3 Rfc8 15.e5 
dxe5 16.dxe5 Nd7 17.b3 Rab8 18.axb5 axb5 19.Ne4 Rd8 20.c4 Bf8 21.Qe3 bxc4 
22.bxc4 Bxe4 23.Qxe4 g6 24.Nh2 Qb3 25.Rab1 Qc3 26.Rbd1 Bg7 27.Re3 Qa5 28.
f4 Nb6 29.Rxd8+ Rxd8 30.Rd3 Rb8 31.Nf3 Qb4 32.Nd2 Ra8 33.Rb3 Qxd2 34.Rxb6 
Ra3 35.Rd6 Qc1+ 36.Kh2 Qc3 37.Rd1 Qxg3+ 38.Kh1 Re3 0-1

[Event "10th Lost Boys op"]
[Site "Amsterdam NED"]
[Date "2002.08.02"]
[Round "7.27"]
[White "Vedder, Richard"]
[Black "Roobol, Martin"]
[Result "0-1"]
[WhiteElo "2232"]
[BlackElo "2338"]
[EventDate "2002.07.26"]
[PlyCount "124"]

1.e4 d6 2.d4 Nf6 3.Nc3 g6 4.f4 Bg7 5.Nf3 O-O 6.Be3 b6 7.Bc4 Bb7 8.e5 Ng4 
9.Qe2 c5 10.O-O-O Nxe3 11.Qxe3 cxd4 12.Nxd4 Qc8 13.Bd5 dxe5 14.fxe5 e6 15.
Bxb7 Qxb7 16.h4 Nd7 17.Nf3 Rac8 18.h5 Rfd8 19.hxg6 hxg6 20.Qf4 Qc7 21.Rde1
b5 22.Qh2 b4 23.Qh7+ Kf8 24.Ng5 bxc3 25.Nxe6+ fxe6 26.Rhf1+ Nf6 27.b4 Qf7 
28.Qh4 Kg8 29.exf6 Bh8 30.Re3 Rd5 31.g4 Rc4 32.Ref3 Rf5 33.Qg3 Rxf3 34.
Qxf3 Bxf6 35.Kb1 Qe7 36.a3 Kg7 37.Rh1 Bg5 38.Ka2 Rf4 39.Qxc3+ e5 40.Qh3 
Kf6 41.Qh8+ Qg7 42.Qd8+ Qe7 43.Qh8+ Ke6 44.Rh7 Rf7 45.Qg8 Kf6 46.Qh8+ Rg7 
47.c4 e4 48.Rxg7 Qxg7 49.Qd8+ Qe7 50.Qh8+ Ke6 51.Qg8+ Qf7 52.Qc8+ Qd7 53.
Qg8+ Ke5 54.Qxg6 Qd2+ 55.Kb3 Qd1+ 56.Ka2 Qc2+ 57.Ka1 Qc1+ 58.Ka2 Qxc4+ 59.
Ka1 Qc1+ 60.Ka2 Qc2+ 61.Ka1 Bd2 62.Qf5+ Kd4 0-1

[Event "10th Lost Boys op"]
[Site "Amsterdam NED"]
[Date "2002.08.02"]
[Round "7.29"]
[White "Bachofner, Andreas"]
[Black "Tan, Kevin"]
[Result "1/2-1/2"]
[WhiteElo "2327"]
[BlackElo "2165"]
[EventDate "2002.07.26"]
[PlyCount "120"]

1.Nf3 Nf6 2.b3 b6 3.Bb2 Bb7 4.e3 d6 5.d4 Nbd7 6.c4 e6 7.Nbd2 Be7 8.Qc2 c5 
9.Bd3 Rc8 10.O-O O-O 11.Rac1 Rc7 12.dxc5 Rxc5 13.Rfd1 Qa8 14.Bf1 Rfc8 15.
Qd3 Ne4 16.Qe2 Ndf6 17.Nxe4 Nxe4 18.Ne1 d5 19.Ba3 R5c7 20.Bxe7 Rxe7 21.f3 
Nf6 22.Qb2 Rd7 23.cxd5 Rxd5 24.e4 Rxd1 25.Rxd1 Rd8 26.Rd4 h6 27.Bc4 Qc8 
28.Qf2 Rd7 29.Nc2 Qc5 30.Rxd7 Nxd7 31.Qxc5 Nxc5 32.b4 Nd7 33.Kf2 Kf8 34.
Ke3 Ke7 35.g3 Kd6 36.Nd4 a6 37.f4 a5 38.a3 axb4 39.axb4 Ke7 40.e5 Bg2 41.
Nb5 f6 42.exf6+ Nxf6 43.Nc7 Kd6 44.Nxe6 Bd5 45.Nxg7 Bxc4 46.Nf5+ Ke6 47.
Nxh6 Nd5+ 48.Kd4 Ba2 49.h4 Nxb4 50.f5+ Kd6 51.g4 Nc6+ 52.Kc3 Ne5 53.g5 Nf3
54.g6 Nxh4 55.Kb4 Ke5 56.g7 Nxf5 57.g8=Q Bxg8 58.Nxg8 Ke6 59.Kb5 Kf7 60.
Kxb6 Kxg8 1/2-1/2

[Event "10th Lost Boys op"]
[Site "Amsterdam NED"]
[Date "2002.08.02"]
[Round "7.30"]
[White "Klinova, Masha"]
[Black "Martinez Rodriguez, Pablo"]
[Result "0-1"]
[WhiteElo "2407"]
[BlackElo "2222"]
[EventDate "2002.07.26"]
[PlyCount "72"]

1.e4 c6 2.d4 d5 3.e5 Bf5 4.g4 Bd7 5.Bg2 e6 6.Ne2 c5 7.Nd2 cxd4 8.Nf3 Nc6 
9.Nexd4 Bc5 10.c3 Nge7 11.Be3 Bxd4 12.cxd4 h5 13.h3 hxg4 14.hxg4 Rxh1+ 15.
Bxh1 Qb6 16.Qd2 Qb4 17.Bg2 f6 18.O-O-O Rc8 19.Kb1 Qxd2 20.Rxd2 Ng6 21.exf6
gxf6 22.Ne1 Kf7 23.Nd3 Rh8 24.f4 Nh4 25.Bf1 Nf3 26.Rd1 Rh1 27.Nf2 Rg1 28.
g5 Ncxd4 29.gxf6 Nf5 30.Bxa7 Rxf1 31.Rxf1 Nd2+ 32.Kc2 Nxf1 33.Ng4 Bb5 34.
Kd1 d4 35.a4 N5e3+ 36.Nxe3 Bxa4+ 0-1

[Event "10th Lost Boys op"]
[Site "Amsterdam NED"]
[Date "2002.08.02"]
[Round "7.31"]
[White "Roebers, Jan"]
[Black "Piasetski, Leon David"]
[Result "0-1"]
[WhiteElo "2250"]
[BlackElo "2350"]
[EventDate "2002.07.26"]
[PlyCount "72"]

1.e4 c5 2.Nf3 Nc6 3.d4 cxd4 4.Nxd4 Qb6 5.Nb3 Nf6 6.Nc3 e6 7.a3 d6 8.g4 h6 
9.Be3 Qc7 10.f4 a6 11.Bg2 Nd7 12.h4 b5 13.g5 Nb6 14.g6 fxg6 15.Qg4 Nc4 16.
Qxg6+ Qf7 17.Qxf7+ Kxf7 18.Bc1 Bb7 19.e5 Rb8 20.O-O g6 21.Ne4 d5 22.Nec5 
Bc8 23.h5 Rg8 24.hxg6+ Rxg6 25.f5 exf5 26.e6+ Bxe6 27.Kh1 Bd6 28.Nxe6 Kxe6
29.Bf4 Bxf4 30.Rxf4 Rg4 31.Re1+ N4e5 32.Rf2 Rh4+ 33.Kg1 f4 34.Rfe2 Kd6 35.
Nd4 Nxd4 36.Rxe5 f3 0-1

[Event "10th Lost Boys op"]
[Site "Amsterdam NED"]
[Date "2002.08.02"]
[Round "7.32"]
[White "Strating, Sybolt"]
[Black "Nicolai, Erik"]
[Result "1-0"]
[WhiteElo "2341"]
[BlackElo "2238"]
[EventDate "2002.07.26"]
[PlyCount "87"]

1.d4 Nf6 2.c4 g6 3.Nc3 d5 4.Nf3 Bg7 5.e3 O-O 6.b4 b6 7.Qb3 c5 8.cxd5 cxb4 
9.Qxb4 Nxd5 10.Nxd5 Qxd5 11.Bc4 Qe4 12.Qb3 Bb7 13.O-O e6 14.Ba3 Rd8 15.h3 
Qf5 16.Qb5 Qxb5 17.Bxb5 Rd5 18.Rab1 Nc6 19.Rfc1 Rc8 20.Rb3 e5 21.Bxc6 Rxc6
22.Rxc6 Bxc6 23.Rc3 Bd7 24.dxe5 Bxe5 25.Nxe5 Rxe5 26.Rc7 Be6 27.Bb2 Rb5 
28.Bd4 Ra5 29.g4 Rxa2 30.Rb7 f5 31.g5 f4 32.Rg7+ Kf8 33.Rxh7 f3 34.Rh4 Bf5
35.Rf4 Ke7 36.h4 Ke6 37.e4 Bh3 38.Rxf3 Bg4 39.Rf6+ Ke7 40.Rxg6 Ra4 41.Bf6+
Kf8 42.e5 Bh5 43.Rh6 Rxh4 44.e6 1-0

[Event "10th Lost Boys op"]
[Site "Amsterdam NED"]
[Date "2002.08.02"]
[Round "7.33"]
[White "Salakhutdinov, Ildar"]
[Black "Konings, Leon"]
[Result "1-0"]
[WhiteElo "2238"]
[BlackElo "2318"]
[EventDate "2002.07.26"]
[PlyCount "60"]

1.e4 c6 2.Nf3 d5 3.Nc3 Bg4 4.h3 Bxf3 5.Qxf3 e6 6.d3 Nd7 7.Qg3 Ne7 8.Be2 
Ng6 9.h4 h5 10.Bg5 Qb8 11.Qxb8+ Rxb8 12.O-O-O f6 13.Be3 b5 14.exd5 exd5 
15.d4 Bd6 16.g3 Nb6 17.b3 a5 18.Bd3 Ne7 19.Ne2 a4 20.Rhe1 Kd7 21.Bf4 Ba3+ 
22.Kd2 Ra8 23.Be3 axb3 24.axb3 Bb4+ 25.c3 Ra2+ 26.Bc2 Bd6 27.Nc1 Ra3 28.
Nd3 Rha8 29.Bf4 Bxf4+ 30.Nxf4 Rh8 1-0

[Event "10th Lost Boys op"]
[Site "Amsterdam NED"]
[Date "2002.08.02"]
[Round "7.35"]
[White "Prakken, Gerrit"]
[Black "Bertrem, Stijn"]
[Result "1/2-1/2"]
[WhiteElo "2290"]
[BlackElo "2220"]
[EventDate "2002.07.26"]
[PlyCount "104"]

1.d4 Nf6 2.Nf3 c5 3.d5 g6 4.Nc3 Bg7 5.e4 d6 6.Be2 O-O 7.O-O a6 8.a4 e6 9.
dxe6 Bxe6 10.Ng5 Nc6 11.f4 Qe7 12.f5 Bd7 13.Bf4 Nd4 14.Bc4 Rad8 15.Qd2 
gxf5 16.Rae1 fxe4 17.Ngxe4 Nxe4 18.Rxe4 Be6 19.Nd5 Qh4 20.Rfe1 Qh5 21.Bg5 
Bxd5 22.Bxd5 Rd7 23.Rh4 Qg6 24.c3 Nc6 25.Be4 f5 26.Bd5+ Kh8 27.Re6 Bf6 28.
Bxf6+ Rxf6 29.Rh6 Qxh6 30.Re8+ Qf8 31.Rxf8+ Rxf8 32.Qh6 Rdd8 33.Qe6 Kg7 
34.Qe3 f4 35.Qh3 Rf6 36.Qg4+ Kh8 37.h3 a5 38.Qh4 Rdf8 39.Be4 R8f7 40.Bxh7 
Kg7 41.Be4 Ne5 42.Qh7+ Kf8 43.Qh8+ Ke7 44.Qc8 f3 45.Qxb7+ Kf8 46.Qb8+ Kg7 
47.gxf3 Nxf3+ 48.Bxf3 Rxf3 49.Qxd6 Rxh3 50.Qxc5 Rg3+ 51.Kh2 Rg6 52.Qe3 
Rff6 1/2-1/2

[Event "10th Lost Boys op"]
[Site "Amsterdam NED"]
[Date "2002.08.02"]
[Round "7.37"]
[White "Van der Elburg, Freddie"]
[Black "Geirnaert, Steven"]
[Result "0-1"]
[WhiteElo "2275"]
[BlackElo "2160"]
[EventDate "2002.07.26"]
[PlyCount "114"]

1.c4 e5 2.g3 Nc6 3.Bg2 g6 4.Nc3 Bg7 5.e4 d6 6.Nge2 Be6 7.d3 Qd7 8.Nd5 Nce7
9.O-O c6 10.Ne3 f5 11.exf5 Nxf5 12.Nxf5 Bxf5 13.d4 Ne7 14.dxe5 Bxe5 15.Nd4
Bg4 16.f3 Bh3 17.Bxh3 Qxh3 18.f4 Bf6 19.Re1 O-O 20.Ne6 Rf7 21.Ng5 Bxg5 22.
fxg5 Nf5 23.Bf4 Nh4 24.Qe2 Raf8 25.Rf1 Re7 26.Qf2 Qg4 27.h3 Qxh3 28.Qh2 
Qxh2+ 29.Kxh2 Re2+ 30.Kg1 Nf5 31.Rf2 Nd4 32.Rd1 Rxf2 33.Kxf2 Ne6 34.Ke3 
Nxf4 35.gxf4 Re8+ 36.Kf3 Re6 37.f5 gxf5 38.Kf4 Kf7 39.Kxf5 h6 40.gxh6 Rxh6
41.Rd2 Re6 42.Rh2 Re5+ 43.Kf4 Ke8 44.b4 Re7 45.Rd2 Kd7 46.Rd3 a6 47.Kf3 
Kc7 48.a3 b5 49.cxb5 axb5 50.Rc3 Kb6 51.Rd3 Re6 52.Kf4 c5 53.Kf5 c4 54.Rd1
Re5+ 55.Kf4 Kc6 56.Kf3 d5 57.Rd4 c3 0-1

[Event "10th Lost Boys op"]
[Site "Amsterdam NED"]
[Date "2002.08.02"]
[Round "7.38"]
[White "Riemens, Albert"]
[Black "Plasman, Hans"]
[Result "1-0"]
[WhiteElo "2225"]
[BlackElo "2255"]
[EventDate "2002.07.26"]
[PlyCount "78"]

1.e4 e5 2.Nf3 Nc6 3.Bb5 f5 4.Nc3 fxe4 5.Nxe4 Nf6 6.Nxf6+ gxf6 7.d4 Bg7 8.
dxe5 fxe5 9.Ng5 Qf6 10.Bc4 Ne7 11.Bf7+ Kf8 12.Bb3 h6 13.Ne4 Qg6 14.Ng3 h5 
15.h4 d6 16.Bg5 Bg4 17.Qd2 Bh6 18.Bxh6+ Rxh6 19.c3 d5 20.Bd1 Be6 21.Bc2 
Qg7 22.O-O-O Kg8 23.Rde1 e4 24.f3 Rf8 25.fxe4 dxe4 26.Nxe4 Nf5 27.Ng5 Bxa2
28.b3 Rd6 29.Ne6 Rxd2 30.Nxg7 Ng3 31.Kxd2 Rf2+ 32.Kc1 Nxh1 33.Rxh1 Kxg7 
34.Kb2 a5 35.Ra1 Bxb3 36.Kxb3 b6 37.Rg1 Kf6 38.Be4 Ke5 39.Bf3 Kf4 1-0

[Event "10th Lost Boys op"]
[Site "Amsterdam NED"]
[Date "2002.08.02"]
[Round "7.39"]
[White "Van Kooten, Luuk"]
[Black "De Saegher, Chris"]
[Result "1-0"]
[WhiteElo "2259"]
[BlackElo "2217"]
[EventDate "2002.07.26"]
[PlyCount "93"]

1.e4 c6 2.d4 d5 3.e5 c5 4.dxc5 Nc6 5.Bb5 e6 6.Be3 Ne7 7.c3 Bd7 8.Bxc6 Nxc6
9.f4 g5 10.fxg5 Qc7 11.Nf3 Nxe5 12.Nxe5 Qxe5 13.Qd4 Bg7 14.Nd2 O-O 15.Qxe5
Bxe5 16.Nf3 Bg7 17.O-O e5 18.Rad1 Be6 19.a3 a5 20.h3 a4 21.Rfe1 Ra5 22.Bf2
e4 23.Nd4 Rc8 24.Nc2 Bf8 25.Nb4 Bxc5 26.Bxc5 Raxc5 27.Rd4 Rb5 28.Red1 Kg7 
29.Kf2 Rcc5 30.Ke3 Rb6 31.R1d2 Rbb5 32.Kf4 f6 33.gxf6+ Kxf6 34.g4 h6 35.h4
Bg8 36.g5+ hxg5+ 37.hxg5+ Ke6 38.Rh2 Rc8 39.Rh6+ Kd7 40.Rf6 Ke7 41.Ke3 Rf8
42.c4 Rc5 43.Rxf8 Kxf8 44.cxd5 Bh7 45.d6 Ke8 46.Nd5 Kd8 47.Nf6 1-0

[Event "10th Lost Boys op"]
[Site "Amsterdam NED"]
[Date "2002.08.02"]
[Round "7.40"]
[White "Boersma, Jan"]
[Black "Span, Paul"]
[Result "1-0"]
[WhiteElo "2230"]
[BlackElo "2294"]
[EventDate "2002.07.26"]
[PlyCount "57"]

1.e4 e6 2.d4 d5 3.Nc3 Nf6 4.Bg5 dxe4 5.Nxe4 Nbd7 6.Nf3 h6 7.Nxf6+ Nxf6 8.
Bh4 c5 9.Ne5 Qxd4 10.Bb5+ Nd7 11.Qe2 Qxh4 12.g3 Qb4+ 13.c3 Qa5 14.O-O-O 
Be7 15.Rxd7 Bxd7 16.Bxd7+ Kf8 17.Qf3 Bf6 18.Qxb7 Qd8 19.Nc6 Rb8 20.Nxd8 
Rxb7 21.Nxb7 Ke7 22.Rd1 e5 23.Bh3 Bg5+ 24.Kc2 h5 25.Rd7+ Kf6 26.Nd6 h4 27.
Rxf7+ Kg6 28.Bf5+ Kh6 29.Rxa7 1-0

[Event "10th Lost Boys op"]
[Site "Amsterdam NED"]
[Date "2002.08.02"]
[Round "7.42"]
[White "Wunnink, Michael"]
[Black "Giddins, Stephen"]
[Result "1-0"]
[WhiteElo "2255"]
[BlackElo "2249"]
[EventDate "2002.07.26"]
[PlyCount "49"]

1.d4 d5 2.c4 e6 3.Nf3 Nf6 4.g3 Bb4+ 5.Bd2 Be7 6.Bg2 O-O 7.O-O c6 8.Qc2 b6 
9.b3 Ba6 10.Rd1 Nbd7 11.Bf4 Rc8 12.Nc3 b5 13.c5 b4 14.Na4 Bb5 15.a3 bxa3 
16.Rxa3 Ne4 17.Nb2 g5 18.Bc1 a6 19.Nd3 f5 20.Nfe5 Nxe5 21.Nxe5 Qc7 22.b4 
g4 23.Bxe4 dxe4 24.Qa2 Rf6 25.Bg5 1-0

[Event "10th Lost Boys op"]
[Site "Amsterdam NED"]
[Date "2002.08.02"]
[Round "7.43"]
[White "Van der Spek, Hein Piet"]
[Black "Happel, Hendrik"]
[Result "1-0"]
[WhiteElo "2243"]
[BlackElo "2254"]
[EventDate "2002.07.26"]
[PlyCount "55"]

1.e4 e6 2.d3 d5 3.Nd2 c5 4.g3 Nc6 5.Ngf3 Nf6 6.Bg2 b6 7.O-O Be7 8.Re1 Bb7 
9.c3 Qc7 10.a3 dxe4 11.dxe4 O-O 12.e5 Nd7 13.Qe2 a5 14.Nf1 Ba6 15.Qe4 Rac8
16.h4 Rfe8 17.Bg5 Nf8 18.Rad1 Red8 19.N1h2 Rxd1 20.Rxd1 Rd8 21.Rxd8 Nxd8 
22.Ng4 Bb7 23.Qe3 Bd5 24.h5 Nc6 25.Bf6 Nd7 26.Qg5 Kf8 27.Qxg7+ Ke8 28.Ng5 
1-0